000 00374nam a2200145Ia 4500
008 230917s9999||||xx |||||||||||||| ||und||
040 _e38782
_aMAIN
041 _aEnglish
082 _a822.09 K162E
100 _aKaul Maan, R I
245 0 _aElizabethan drama: Modern essays in criticism
260 _aOxford
_bOxford University
_c1961
300 _a372 p.
942 _cBK
999 _c112549
_d112549